000 00211nam a22001097a 4500
100 _aParashar,Ashwin
245 _aChanakaya Niti
250 _a2016
260 _bDiomond Pub.
300 _a20
942 _2ddc
_cBK
999 _c13144
_d13144